| 000 | 01147cam1a220025300 4500 | ||
|---|---|---|---|
| 001 | qcf00149584 | ||
| 005 | 20190815110332.0 | ||
| 008 | 770412c19691967fr b 000 0 fre d | ||
| 035 | _a(Sirsi) r34880 | ||
| 035 | _a(QCAT)lss01552281 | ||
| 035 | _a(UPRA)qcf00149584 | ||
| 040 | _dUPRA | ||
| 100 | 1 |
_aSee, Henri Eugene, 1864-1936. _dSee, Henri Eugene, 1864-1936. _6A50940.1 |
|
| 245 | 1 | 3 |
_aLa France economique et sociale au XVIIIe siecle / _cHenri See ; bibliographie mise a jour par J.A. Lesourd. |
| 250 | _aNouvelle ed. | ||
| 260 |
_aParis : _bA. Colin, _c1969, c1967. |
||
| 490 | 0 |
_aCollection U2 ; _v2 _6S13633.1 |
|
| 504 | _aBibliography: p. [185]-190. | ||
| 650 | 0 |
_aSocial classes -- France -- History -- 18th century. _zSocial classes -- France -- History -- 18th century. _xSocial classes -- France -- History -- 18th century. _ySocial classes -- France -- History -- 18th century. _6S70704.1 |
|
| 651 | 0 |
_aFrance -- Economic conditions. _xFrance -- Economic conditions. _6S4487.1 |
|
| 651 | 0 |
_aFrance -- Social conditions. _xFrance -- Social conditions. _6S4488.1 |
|
| 949 |
_aHC275 _wlcc _i-41096 _mMAIN _tBOOK _lON-SHELF |
||
| 004 | 34880 | ||
| 999 |
_c69128 _d69128 |
||